Dans quels départements sont ces villes d'Île de France ? - Statistiques

Statistiques générales
  • Ce quiz a été pris 100 fois
  • Le résultat moyen est 33 sur 45
Statistiques - réponses
Hint Réponse % Correct
Paris Paris
99%
Saint Denis Seine Saint Denis
97%
Versailles Yvelines
89%
Boulogne Billancourt Hauts de Seine
86%
Nanterre Hauts de Seine
85%
Aubervilliers Seine Saint Denis
85%
Colombes Hauts de Seine
82%
Drancy Seine Saint Denis
79%
Évry Courcouronnes Essonne
78%
Aulnay sous Bois Seine Saint Denis
78%
Corbeil Essonnes Essonne
77%
Pantin Seine Saint Denis
77%
Bobigny Seine Saint Denis
77%
Bondy Seine Saint Denis
77%
Créteil Val de Marne
77%
Cergy Val d'Oise
77%
Levallois Perret Hauts de Seine
76%
Vitry sur Seine Val de Marne
76%
Montreuil Seine Saint Denis
75%
Courbevoie Hauts de Seine
74%
Asnières sur Seine Hauts de Seine
72%
Issy les Moulineaux Hauts de Seine
72%
Neuilly sur Seine Hauts de Seine
72%
Meaux Seine et Marne
72%
Sevran Seine Saint Denis
71%
Champigny sur Marne Val de Marne
71%
Argenteuil Val d'Oise
71%
Le Blanc Mesnil Seine Saint Denis
70%
Saint Maur des Fossés Val de Marne
70%
Maisons Alfort Val de Marne
70%
Rueil Malmaison Hauts de Seine
69%
Clamart Hauts de Seine
69%
Ivry sur Seine Val de Marne
69%
Noisy le Grand Seine Saint Denis
68%
Villejuif Val de Marne
68%
Antony Hauts de Seine
64%
Massy Essonne
63%
Gennevilliers Hauts de Seine
63%
Chelles Seine et Marne
63%
Saint Ouen sur Seine Seine Saint Denis
61%
Sarcelles Val d'Oise
61%
Clichy Hauts de Seine
60%
Épinay sur Seine Seine Saint Denis
54%
Sartrouville Yvelines
52%
Fontenay sous Bois Val de Marne
49%
Aucun quiz correspondant
Distribution des résultats
% des personnes avec chaque résultat
Percentile par nombre de réponses
Votre historique - résultats
Vous n’avez pas pris ce quiz